¡7500 millones de personas! (Registro nro. 6627)

Detalles MARC
000 -LEADER
fixed length control field 00873 a2200229 4500
001 - CONTROL NUMBER
control field 59258
005 - DATE AND TIME OF LATEST TRANSACTION
control field 20260407155846.0
008 - FIXED-LENGTH DATA ELEMENTS--GENERAL INFORMATION
fixed length control field 260407a2018 arg spa d
003 - CONTROL NUMBER IDENTIFIER
control field AR-UNSa-BCEJYS
040 ## - CATALOGING SOURCE
Original cataloging agency AR-UNSa-BCEJYS
Language of cataloging spa
Transcribing agency AR-UNSa-BCEJYS
080 ## - UNIVERSAL DECIMAL CLASSIFICATION NUMBER
Universal Decimal Classification number 314
Common auxiliary subdivision Demografía. Estudios de población
020 ## - INTERNATIONAL STANDARD BOOK NUMBER
International Standard Book Number 978-987-629-836-0
041 ## - LANGUAGE CODE
Language code of text/sound track or separate title spa
100 1# - MAIN ENTRY--PERSONAL NAME
Personal name Paz, Jorge Augusto
245 10 - TITLE STATEMENT
Title ¡7500 millones de personas!
Name of part/section of a work qué es y para qué sirve la demografía
264 #1 - PRODUCTION, PUBLICATION, DISTRIBUTION, MANUFACTURE, AND COPYRIGHT NOTICE
Place of production, publication, distribution, manufacture Buenos Aires :
Name of producer, publisher, distributor, manufacturer Siglo XXI Editores Argentina
Date of production, publication, distribution, manufacture, or copyright notice 2018
300 ## - PHYSICAL DESCRIPTION
Extent 125 p.
Dimensions 19 cm.
505 ## - FORMATTED CONTENTS NOTE
Formatted contents note 1. La bola de nieve - 2. Morimos menos que ayer y más que mañana - 3. La descendencia - 4. Haciendo camino al andar
590 ## - LOCAL NOTE (RLIN)
Local note niveau_biblio:m niveau_hierar:0
856 41 - ELECTRONIC LOCATION AND ACCESS
Uniform Resource Identifier <a href="https://biblioeco.unsa.edu.ar/pmb/images/libros/L129023.jpg">https://biblioeco.unsa.edu.ar/pmb/images/libros/L129023.jpg</a>
Link text Imagen de portada
Electronic format type image/jpeg
942 ## - ADDED ENTRY ELEMENTS (KOHA)
Koha item type
Existencias
Withdrawn status Lost status Damaged status Not for loan Home library Current library Shelving location Date acquired Total checkouts Full call number Barcode Date last seen Price effective from Koha item type
        Biblioteca Prof. Eusebio Cleto del Rey Biblioteca Prof. Eusebio Cleto del Rey   07/04/2026   314 P348 L129023 07/04/2026 07/04/2026 Libro